[Event "Preferente Aragonesa Grupo B"]
[Site "Aragon"]
[Date "2017.03.18"]
[Round "8.61"]
[White "Sierra Aguerri, Joaquin"]
[Black "Cajo Esteban, Ruben"]
[Result "1/2-1/2"]
[WhiteElo "2085"]
[BlackElo "1867"]
[PlyCount "78"]
[EventDate "2017.01.28"]
[WhiteTeam "Tauste"]
[BlackTeam "Dr. Azua"]

1. e4 e5 2. Nf3 Nf6 3. Nxe5 d6 4. Nf3 Nxe4 5. Nc3 d5 6. Qe2 Be7 7. Nxe4 dxe4 8.
Qxe4 O-O 9. Bd3 g6 10. O-O Nc6 11. Bc4 Bf5 12. Qe2 Bf6 13. d3 Re8 14. Be3 a6
15. Rab1 Bg4 16. Qd2 Bxf3 17. gxf3 Nd4 18. Bxd4 Bxd4 19. Qf4 Qf6 20. Qxf6 Bxf6
21. Rfe1 Kf8 22. Re4 Re5 23. c3 Rae8 24. Rbe1 Bg7 25. Kf1 f5 26. R4e3 R5e7 27.
Bd5 c6 28. Be6 Bh6 29. R3e2 a5 30. a4 Kg7 31. d4 Kf6 32. d5 cxd5 33. Bxd5 Rxe2
34. Rxe2 Rxe2 35. Kxe2 b6 36. Kd3 Bf8 37. Kc4 Bc5 38. b4 axb4 39. cxb4 Bxf2
1/2-1/2

[Event "Preferente Aragonesa Grupo B"]
[Site "Aragon"]
[Date "2017.03.18"]
[Round "8.62"]
[White "Solera Sanchez, Roberto"]
[Black "Fernandez Rubio, Rafael"]
[Result "0-1"]
[WhiteElo "1822"]
[BlackElo "2079"]
[PlyCount "112"]
[EventDate "2017.01.28"]
[WhiteTeam "Dr. Azua"]
[BlackTeam "Tauste"]

1. e4 d6 2. d4 Nf6 3. Nc3 Nbd7 4. g3 e5 5. Nge2 Be7 6. Bg2 O-O 7. O-O c6 8. a4
b6 9. h3 Bb7 10. Be3 a6 11. f4 Qc7 12. Kh2 b5 13. fxe5 dxe5 14. axb5 axb5 15.
Rxa8 Rxa8 16. d5 b4 17. dxc6 Qxc6 18. Nd5 Bf8 19. c3 Ba6 20. Rf5 Nxd5 21. exd5
Qc4 22. d6 Rd8 23. Bg5 Nf6 24. Rxe5 Bxd6 25. b3 Qc7 26. Bxf6 gxf6 27. Rd5 Bxe2
28. Qxe2 bxc3 29. Qg4+ Kf8 30. Qh5 c2 31. Qh6+ Ke7 32. Qe3+ Be5 33. Rc5 Qb6 34.
Rxe5+ fxe5 35. Qxe5+ Qe6 36. Qc5+ Qd6 37. Qxc2 Rg8 38. Qe4+ Kf8 39. Qa8+ Kg7
40. Qf3 Rb8 41. Qe3 f6 42. Qa7+ Kg6 43. Qe3 Rb4 44. h4 Rxh4+ 45. Bh3 Rb4 46.
Qe8+ Kg7 47. Be6 Rb7 48. Qg8+ Kh6 49. Qg4 Qd2+ 50. Kh3 Rb5 51. Qf4+ Qxf4 52.
gxf4 f5 53. Kg3 Kg6 54. Kh4 Rb4 55. Kg3 Kf6 56. Bc4 Rb6 0-1

[Event "Preferente Aragonesa Grupo B"]
[Site "Aragon"]
[Date "2017.03.18"]
[Round "8.63"]
[White "Sancho Casale, Jesus"]
[Black "Lebron Duran, Jose Maria"]
[Result "1-0"]
[WhiteElo "1981"]
[BlackElo "1813"]
[PlyCount "59"]
[EventDate "2017.01.28"]
[WhiteTeam "Tauste"]
[BlackTeam "Dr. Azua"]

1. Nf3 e6 2. c4 c5 3. g3 g6 4. d4 Bg7 5. Nc3 cxd4 6. Nxd4 a6 7. Bg2 Qc7 8. O-O
Qxc4 9. Ne4 Qxd4 10. Nd6+ Kf8 11. Be3 Qxd1 12. Rfxd1 Nc6 13. Nxb7 d5 14. Bc5+
Nge7 15. Nd6 Be5 16. Rac1 Kg7 17. e4 Rd8 18. exd5 exd5 19. Bxd5 Bg4 20. Bxc6
Nxc6 21. Rd5 Bxd6 22. Bxd6 Be6 23. Rd2 Ne7 24. Rcd1 Nc6 25. Rc1 Bd7 26. Bc7 Ra7
27. Bxd8 Ne5 28. Rc3 Bc6 29. Bb6 Nf3+ 30. Rxf3 1-0

[Event "Preferente Aragonesa Grupo B"]
[Site "Aragon"]
[Date "2017.03.18"]
[Round "8.64"]
[White "Muro Guerrero, Miguel"]
[Black "Vera Jimenez, Andres"]
[Result "1-0"]
[WhiteElo "1639"]
[BlackElo "1947"]
[PlyCount "70"]
[EventDate "2017.01.28"]
[WhiteTeam "Dr. Azua"]
[BlackTeam "Tauste"]

1. e4 d6 2. d4 Nf6 3. Nc3 e5 4. dxe5 dxe5 5. Qxd8+ Kxd8 6. Nf3 Bd6 7. Bc4 Be6
8. Bxe6 fxe6 9. Bg5 Ke7 10. O-O-O Nc6 11. Rd2 Rad8 12. Rhd1 h6 13. Bh4 g5 14.
Bg3 Nh5 15. Ne2 Rhf8 16. h4 Nxg3 17. Nxg3 g4 18. Nh2 Rg8 19. c3 Bc5 20. Nh5
Rxd2 21. Rxd2 Bxf2 22. Rxf2 g3 23. Nxg3 Rxg3 24. Kd2 Nd8 25. Nf3 Nf7 26. Ke3
Nd6 27. Re2 Kf6 28. b3 Rg4 29. Kd3 Rg3 30. Ke3 Rg4 31. Kd3 Rg3 32. c4 Ke7 33.
c5 Nf7 34. Ke3 Nd8 35. Kf2 Rg4 1-0

[Event "Preferente Aragonesa Grupo B"]
[Site "Aragon"]
[Date "2017.03.18"]
[Round "8.65"]
[White "Sanchez Herrera, Miguel"]
[Black "Carruez Berges, Santiago"]
[Result "1-0"]
[WhiteElo "2124"]
[BlackElo "2030"]
[PlyCount "47"]
[EventDate "2017.01.28"]
[WhiteTeam "St. Casablanca D"]
[BlackTeam "Agrupacion B"]

1. e4 e6 2. d4 d5 3. Nc3 Bb4 4. e5 c5 5. a3 Bxc3+ 6. bxc3 Ne7 7. h4 Nbc6 8. Nf3
Bd7 9. Bd3 Qc7 10. O-O c4 11. Be2 f6 12. Bf4 Qa5 13. Qd2 O-O-O 14. Rfb1 Ng6 15.
Bg3 fxe5 16. h5 Nf4 17. Nxe5 Nxe5 18. Qxf4 Nc6 19. Rb5 e5 20. dxe5 Qxb5 21. e6
Qb6 22. exd7+ Rxd7 23. Bg4 Qd8 24. Rb1 1-0

[Event "Preferente Aragonesa Grupo B"]
[Site "Aragon"]
[Date "2017.03.18"]
[Round "8.66"]
[White "Mimbela Lopez, Luis"]
[Black "Cebollada Pacheco, Jesus Raul"]
[Result "1-0"]
[WhiteElo "2023"]
[BlackElo "2061"]
[PlyCount "118"]
[EventDate "2017.01.28"]
[WhiteTeam "Agrupacion B"]
[BlackTeam "St. Casablanca D"]

1. d4 Nf6 2. Nf3 g6 3. Nc3 d5 4. Bf4 Bg7 5. h3 O-O 6. e3 c5 7. Be2 Ne4 8. O-O
Nxc3 9. bxc3 Nc6 10. Qd2 Qa5 11. Rfd1 Bd7 12. Rab1 Nd8 13. c4 Qxd2 14. Rxd2
cxd4 15. cxd5 dxe3 16. Bxe3 b6 17. Bd4 Nb7 18. Bxg7 Kxg7 19. Ne5 Nc5 20. Bf3
Rac8 21. Re1 Rfd8 22. Rde2 Rc7 23. g4 Kf8 24. Bg2 Bb5 25. c4 Be8 26. g5 Bd7 27.
Rd2 Bf5 28. Red1 Rd6 29. Nc6 Bd7 30. Ne5 Ba4 31. Re1 f6 32. gxf6 exf6 33. Nf3
Re7 34. Rxe7 Kxe7 35. Re2+ Kf7 36. Nd4 Bd7 37. Re3 Be8 38. f4 Bd7 39. Kf2 Ba4
40. Bf3 Bd7 41. Bg4 h5 42. Bxd7 Rxd7 43. Nc6 a5 44. Kf3 Nb7 45. Rb3 Nd6 46.
Rxb6 Nxc4 47. Rb5 Kg7 48. Nxa5 Na3 49. Rb7 Rxb7 50. Nxb7 Kf7 51. Ke4 g5 52. Kf5
gxf4 53. Kxf4 Ke7 54. Kf5 Nc2 55. d6+ Kd7 56. Kxf6 Nb4 57. a4 Nc6 58. a5 Nxa5
59. Nxa5 Kxd6 1-0

[Event "Preferente Aragonesa Grupo B"]
[Site "Aragon"]
[Date "2017.03.18"]
[Round "8.67"]
[White "Garcia Andres, Daniel"]
[Black "Garcia Morales, Roberto"]
[Result "0-1"]
[WhiteElo "2007"]
[BlackElo "2005"]
[PlyCount "102"]
[EventDate "2017.01.28"]
[WhiteTeam "St. Casablanca D"]
[BlackTeam "Agrupacion B"]

1. e4 e5 2. Nc3 Nf6 3. f4 d5 4. fxe5 Nxe4 5. d3 Bb4 6. dxe4 Qh4+ 7. Ke2 Bg4+ 8.
Nf3 Bxc3 9. Qxd5 Bxf3+ 10. Kxf3 c6 11. Qc5 Be1 12. Bf4 Nd7 13. Qe3 Ba5 14. Rd1
Bb6 15. Qe1 Qh5+ 16. g4 Nxe5+ 17. Bxe5 Qxe5 18. Qc3 Qg5 19. h4 Qh6 20. Qe5+ Kf8
21. Qd6+ Qxd6 22. Rxd6 Ke7 23. Rd3 Rad8 24. Rh2 Rxd3+ 25. Bxd3 Bd4 26. c3 Be5
27. Rf2 Rd8 28. Rd2 Rd6 29. g5 h6 30. Rd1 hxg5 31. hxg5 f6 32. g6 Rd8 33. Ke2
Rh8 34. Kf3 Rh3+ 35. Kg2 Rg3+ 36. Kf2 Rxg6 37. Rd2 Rh6 38. Kg1 Bf4 39. Re2 g5
40. Rg2 Ke6 41. Kf1 Ke5 42. Ke1 Rh3 43. Bc2 Bc1 44. Bb1 Be3 45. Ke2 Kf4 46. Bc2
Rh1 47. Kd3 Kf3 48. Re2 Bf4 49. b4 g4 50. e5 fxe5 51. Re4 g3 0-1

[Event "Preferente Aragonesa Grupo B"]
[Site "Aragon"]
[Date "2017.03.18"]
[Round "8.68"]
[White "Carruez Berges, Fernando"]
[Black "Abad Vinas, Jesus Manuel"]
[Result "1-0"]
[WhiteElo "1991"]
[BlackElo "1760"]
[PlyCount "79"]
[EventDate "2017.01.28"]
[WhiteTeam "Agrupacion B"]
[BlackTeam "St. Casablanca D"]

1. e4 e6 2. d3 Nc6 3. Nf3 Nf6 4. e5 Nd5 5. c4 Nde7 6. Bf4 h6 7. h4 b6 8. d4 Ng6
9. Bg3 d5 10. h5 Bb4+ 11. Nc3 Nge7 12. a3 Bxc3+ 13. bxc3 dxc4 14. Bxc4 Na5 15.
Bb5+ c6 16. Bd3 Qd5 17. Nd2 Nf5 18. Qg4 Kf8 19. O-O Qd8 20. Bf4 c5 21. Be3 c4
22. Be4 Rb8 23. Qf3 Bb7 24. g4 Bxe4 25. Nxe4 Ne7 26. Nd6 f5 27. gxf5 Nxf5 28.
Nxf5 exf5 29. Qxf5+ Kg8 30. e6 Qe7 31. d5 Rf8 32. Qe4 Nb7 33. Bf4 Qh4 34. e7
Qg4+ 35. Qg2 Qxf4 36. exf8=Q+ Qxf8 37. Rfe1 Nd6 38. Re6 Nf5 39. Qg4 Nd6 40. Qg6
1-0

[Event "Preferente Aragonesa Grupo B"]
[Site "Aragon"]
[Date "2017.03.18"]
[Round "8.69"]
[White "Ciriano Lamban, Alejandro"]
[Black "Lopez Caudevilla, David"]
[Result "1/2-1/2"]
[WhiteElo "2012"]
[BlackElo "2073"]
[PlyCount "86"]
[EventDate "2017.01.28"]
[WhiteTeam "Marcos Frechin B"]
[BlackTeam "Actur Rey Fernando"]

1. d4 g6 2. c4 Bg7 3. Nc3 d6 4. e4 Nf6 5. Be2 O-O 6. Nf3 Nbd7 7. O-O e5 8. d5
a5 9. Ne1 Nc5 10. Bf3 b6 11. Be3 Ba6 12. b3 Nfd7 13. Rc1 f5 14. a3 Nf6 15. Bg5
a4 16. Nxa4 Nxa4 17. bxa4 Qe8 18. Bxf6 Rxf6 19. a5 bxa5 20. Qc2 fxe4 21. Bxe4
Rf4 22. g3 Rf8 23. Nd3 Bh6 24. Rb1 Rb8 25. c5 Qf7 26. Rxb8 Rxb8 27. cxd6 cxd6
28. Qc6 Bxd3 29. Bxd3 Bf8 30. Be2 h5 31. Qc4 Bh6 32. Bd3 Kh7 33. Qe4 Rb2 34.
Qh4 Kg7 35. Qe4 Bg5 36. f4 exf4 37. gxf4 Bd8 38. Kh1 Bb6 39. f5 Qf6 40. fxg6
Rf2 41. Rxf2 Qxf2 42. Qe7+ Kh6 43. Qh7+ Kg5 1/2-1/2

[Event "Preferente Aragonesa Grupo B"]
[Site "Aragon"]
[Date "2017.03.18"]
[Round "8.70"]
[White "Serrano San Nicolas, Angel"]
[Black "Fabre Perez, Jose Maria"]
[Result "0-1"]
[WhiteElo "2000"]
[BlackElo "1978"]
[PlyCount "88"]
[EventDate "2017.01.28"]
[WhiteTeam "Actur Rey Fernando"]
[BlackTeam "Marcos Frechin B"]

1. e4 e6 2. Nf3 d5 3. e5 c5 4. b4 d4 5. bxc5 Bxc5 6. Ba3 Qa5 7. Bxc5 Qxc5 8. c3
Nc6 9. cxd4 Nxd4 10. Qa4+ Bd7 11. Qxd4 Qc1+ 12. Ke2 Bb5+ 13. Ke3 Bxf1 14. Qa4+
Kf8 15. Qa3+ Qxa3+ 16. Nxa3 Bxg2 17. Rhc1 Ne7 18. Rab1 Nd5+ 19. Ke2 b6 20. Rc4
Bh3 21. Nb5 h6 22. Nfd4 Nf4+ 23. Ke3 g5 24. Nc6 Bf5 25. Rb3 a6 26. Nc7 Rc8 27.
Nxa6 Kg7 28. Nab4 Rhd8 29. d4 Rd7 30. f3 Nd5+ 31. Nxd5 exd5 32. Rc1 Rdc7 33.
Rxb6 Bd7 34. a4 Rxc6 35. Rbxc6 Rxc6 36. Rxc6 Bxc6 37. a5 Bb5 38. Kd2 Kg6 39.
Kc3 Kf5 40. Kb4 Bf1 41. Kc5 Kf4 42. a6 Bxa6 43. Kxd5 Kxf3 44. Kc6 Ke4 0-1

[Event "Preferente Aragonesa Grupo B"]
[Site "Aragon"]
[Date "2017.03.18"]
[Round "8.71"]
[White "Santos Morales, Julio Cesar"]
[Black "Aviol Perez, Jose Mariano"]
[Result "1/2-1/2"]
[WhiteElo "1855"]
[BlackElo "1842"]
[PlyCount "92"]
[EventDate "2017.01.28"]
[WhiteTeam "Marcos Frechin B"]
[BlackTeam "Actur Rey Fernando"]

1. d4 d5 2. Nf3 Nf6 3. e3 c5 4. c3 Nc6 5. Bd3 Bg4 6. Nbd2 e5 7. dxe5 Nxe5 8.
Qa4+ Bd7 9. Bb5 Nd3+ 10. Ke2 c4 11. Nd4 Bd6 12. Nf5 O-O 13. Bxd7 Nxd7 14. Nf3
N7c5 15. Qc2 Re8 16. Rd1 Re6 17. Nxd6 Qxd6 18. b4 Nxc1+ 19. Raxc1 Nd3 20. Rxd3
cxd3+ 21. Qxd3 a5 22. b5 Rd8 23. Rc2 Qf4 24. Kf1 Qc4 25. Qxc4 dxc4 26. Nd4 Re5
27. a4 f5 28. Re2 Rde8 29. g3 Kf7 30. Rd2 Rd5 31. Kg2 Red8 32. Kf3 Kf6 33. Re2
Re8 34. Rd2 g5 35. Rd1 g4+ 36. Ke2 Ke5 37. Rh1 Rd6 38. h4 Ke4 39. Rd1 Red8 40.
Rd2 Ke5 41. Rc2 Kf6 42. Rd2 Re8 43. Kf1 Rd5 44. Rc2 Rde5 45. Ne2 Rd8 46. Nd4
Re4 1/2-1/2

[Event "Preferente Aragonesa Grupo B"]
[Site "Aragon"]
[Date "2017.03.18"]
[Round "8.72"]
[White "Fernandez Sierra, Pedro Jose"]
[Black "Obon Zuniga, Francisco"]
[Result "1/2-1/2"]
[WhiteElo "1633"]
[BlackElo "1782"]
[PlyCount "44"]
[EventDate "2017.01.28"]
[WhiteTeam "Actur Rey Fernando"]
[BlackTeam "Marcos Frechin B"]

1. e4 c6 2. Nc3 d5 3. Qf3 e6 4. d4 Nf6 5. e5 Nfd7 6. Qg3 b6 7. Nf3 Ba6 8. Bxa6
Nxa6 9. a3 Nc7 10. Ne2 c5 11. c3 Qc8 12. O-O Qa6 13. Re1 Nb5 14. Bd2 cxd4 15.
cxd4 Qb7 16. Rac1 a6 17. Rc2 Na7 18. Rec1 Rc8 19. Ne1 b5 20. Rxc8+ Nxc8 21. Qc3
Ncb6 22. Qg3 g6 1/2-1/2

[Event "Divison Honor - Titulo"]
[Site "?"]
[Date "2017.03.25"]
[Round "9.1"]
[White "Forcen Esteban, Daniel"]
[Black "Cifuentes Parada, Roberto"]
[Result "1/2-1/2"]
[WhiteElo "2541"]
[BlackElo "2478"]
[PlyCount "81"]
[EventDate "2017.02.25"]
[WhiteTeam "Jaime Casas"]
[BlackTeam "Jaque"]

1. e4 c5 2. Nf3 Nc6 3. d4 cxd4 4. Nxd4 g6 5. c4 Nf6 6. Nc3 Nxd4 7. Qxd4 d6 8.
Be2 Bg7 9. Bg5 O-O 10. Qd2 Be6 11. Rc1 a6 12. O-O Qa5 13. Rfd1 Rfc8 14. Bxf6
Bxf6 15. Nd5 Qxd2 16. Nxf6+ Kg7 17. Nh5+ gxh5 18. Rxd2 h4 19. Rdc2 a5 20. f4
Rc5 21. b3 Rac8 22. Bd3 h3 23. g3 Bg4 24. Kf2 h5 25. a3 Ra8 26. Ke3 Kf6 27. Rf1
b6 28. Kd4 Kg7 29. Ke3 f5 30. b4 axb4 31. axb4 Rc7 32. e5 dxe5 33. fxe5 Ra3 34.
Rf4 Rb3 35. b5 Kf7 36. Rd4 Ra7 37. Kd2 Ra1 38. Rc1 Ra2+ 39. Rc2 Ra1 40. Rc1
Ra2+ 41. Rc2 1/2-1/2

[Event "Divison Honor - Titulo"]
[Site "?"]
[Date "2017.03.25"]
[Round "9.2"]
[White "Gines Esteo, Pedro Antonio"]
[Black "Ramiro Ovejero, Juan Luis"]
[Result "1-0"]
[WhiteElo "2325"]
[BlackElo "2386"]
[PlyCount "87"]
[EventDate "2017.02.25"]
[WhiteTeam "Jaque"]
[BlackTeam "Jaime Casas"]

1. d4 d6 2. Nf3 Nf6 3. Bg5 Nbd7 4. Nbd2 h6 5. Bh4 g5 6. Bg3 Nh5 7. e3 Bg7 8.
Bd3 Ndf6 9. c3 O-O 10. Qc2 e6 11. e4 Nxg3 12. hxg3 Ng4 13. Nh2 Nxh2 14. Rxh2 e5
15. dxe5 dxe5 16. O-O-O Qf6 17. Nc4 Rd8 18. Rhh1 c6 19. Ne3 Bf8 20. g4 Bc5 21.
Nf5 Bxf5 22. gxf5 Rd6 23. Qe2 Rad8 24. Rh3 Kg7 25. Kc2 b5 26. g3 Bb6 27. f4 c5
28. Qh5 c4 29. Be2 Rxd1 30. Bxd1 Qd6 31. Qe2 exf4 32. gxf4 Qxf4 33. Rf3 Qh4 34.
e5 g4 35. Rf4 h5 36. f6+ Kh6 37. e6 fxe6 38. f7 Qe7 39. Qe5 Qc5 40. Qf6+ Kh7
41. Qxd8 Bxd8 42. f8=Q Qxf8 43. Rxf8 Bb6 44. Kd2 1-0

[Event "Divison Honor - Titulo"]
[Site "?"]
[Date "2017.03.25"]
[Round "9.3"]
[White "Quintin Navarro, Alberto"]
[Black "Gonzalez Gambau, Jorge"]
[Result "1-0"]
[WhiteElo "2367"]
[BlackElo "2105"]
[PlyCount "97"]
[EventDate "2017.02.25"]
[WhiteTeam "Jaime Casas"]
[BlackTeam "Jaque"]

1. e4 c6 2. d4 d5 3. Nc3 dxe4 4. Nxe4 Bf5 5. Ng3 Bg6 6. Nf3 Nd7 7. h4 h6 8. h5
Bh7 9. Bd3 Bxd3 10. Qxd3 e6 11. Bd2 Ngf6 12. O-O-O Be7 13. Kb1 O-O 14. Ne4 Nxe4
15. Qxe4 Nf6 16. Qe2 Qd5 17. Be3 Qb5 18. c4 Qf5+ 19. Ka1 b5 20. c5 Ng4 21. Bc1
Rad8 22. Ne1 Bg5 23. f3 Nf6 24. f4 Bxf4 25. Rf1 Nxh5 26. g4 Qg5 27. gxh5 Bxc1
28. Nf3 Bxb2+ 29. Kxb2 Qxh5 30. Qe5 Qxe5 31. dxe5 Rd5 32. Rxd5 cxd5 33. Nd4 Rc8
34. Rc1 a6 35. Kb3 g5 36. Kb4 Kg7 37. c6 h5 38. Kc5 g4 39. Rf1 Kg6 40. Rf6+ Kg7
41. Kd6 g3 42. Ne2 h4 43. Rf4 Rd8+ 44. Ke7 Rc8 45. Kd7 Ra8 46. Rxh4 f5 47. Nxg3
a5 48. c7 Ra7 49. Kd8 1-0

[Event "Divison Honor - Titulo"]
[Site "?"]
[Date "2017.03.25"]
[Round "9.4"]
[White "Ereza Vizcarra, Fernando"]
[Black "Fontana Sotomayor, Luis Javier"]
[Result "1/2-1/2"]
[WhiteElo "1981"]
[BlackElo "2251"]
[PlyCount "111"]
[EventDate "2017.02.25"]
[WhiteTeam "Jaque"]
[BlackTeam "Jaime Casas"]

1. d4 Nf6 2. Nf3 g6 3. c4 Bg7 4. Nc3 d5 5. e3 O-O 6. Be2 c5 7. dxc5 Qa5 8. O-O
dxc4 9. Bxc4 Qxc5 10. Bb3 Nc6 11. Qe2 Bg4 12. h3 Bh5 13. Qb5 Qxb5 14. Nxb5 Bxf3
15. gxf3 a6 16. Nc3 Rfd8 17. Rd1 Rxd1+ 18. Bxd1 Rd8 19. Be2 Nb4 20. e4 Nc2 21.
Rb1 Nd4 22. Kf1 Nxe2 23. Kxe2 Nh5 24. Be3 Be5 25. Rd1 Rxd1 26. Nxd1 f5 27. Nc3
Bxc3 28. bxc3 Kf7 29. Kd3 Ke6 30. Kd4 f4 31. Bc1 g5 32. Kc5 Kd7 33. Kb6 Kc8 34.
Ba3 Nf6 35. Bxe7 Nd7+ 36. Ka5 Ne5 37. Bxg5 Nd3 38. Kb6 h5 39. h4 Ne5 40. Bxf4
Nxf3 41. Bg3 Nd2 42. e5 Ne4 43. c4 Nc3 44. Bf4 Na4+ 45. Ka5 Nb2 46. Bg3 Nxc4+
47. Kb4 Nd2 48. f4 Kd7 49. f5 b6 50. a4 Nf3 51. Kc3 b5 52. axb5 axb5 53. e6+
Ke7 54. Bf4 b4+ 55. Kxb4 Nd4 56. Bg5+ 1/2-1/2

[Event "Divison Honor - Titulo"]
[Site "?"]
[Date "2017.03.25"]
[Round "9.5"]
[White "Torcal Miguel, Oscar"]
[Black "Adla, Diego"]
[Result "0-1"]
[WhiteElo "1980"]
[BlackElo "2398"]
[PlyCount "72"]
[EventDate "2017.02.25"]
[WhiteTeam "IberCaja"]
[BlackTeam "St. Casablanca"]

1. e4 c5 2. Nf3 e6 3. d3 d5 4. Nbd2 Nc6 5. g3 Bd6 6. Bg2 Nge7 7. O-O O-O 8. Re1
Qc7 9. c3 Bd7 10. Qe2 f6 11. Nf1 d4 12. cxd4 cxd4 13. N1d2 e5 14. Nc4 Bb4 15.
Bd2 b5 16. Bxb4 Nxb4 17. Na3 Rac8 18. Qd2 Qa5 19. Rec1 Qa4 20. Ne1 Be6 21. Rxc8
Rxc8 22. Rc1 Nxa2 23. Rxc8+ Nxc8 24. Qc2 Qxc2 25. Nexc2 a6 26. f4 Kf8 27. Kf2
Nb6 28. Nb1 Na4 29. b4 Nb2 30. Bf1 Bb3 31. Nba3 Nc1 32. Ne1 Ke7 33. Be2 Kd6 34.
Bf1 Bd1 35. Nb1 Na2 36. Be2 Nxb4 0-1

[Event "Divison Honor - Titulo"]
[Site "?"]
[Date "2017.03.25"]
[Round "9.6"]
[White "Glavina, Pablo"]
[Black "Sanchez Castro, Roberto"]
[Result "1-0"]
[WhiteElo "2391"]
[BlackElo "1978"]
[PlyCount "65"]
[EventDate "2017.02.25"]
[WhiteTeam "St. Casablanca"]
[BlackTeam "IberCaja"]

1. c4 Nf6 2. Nf3 d6 3. d4 Nbd7 4. Nc3 e5 5. e4 c6 6. Be2 Qc7 7. O-O Be7 8. Rb1
h6 9. b4 g5 10. c5 Nh7 11. Bb2 Nhf8 12. Rc1 Ng6 13. cxd6 Qxd6 14. dxe5 Ndxe5
15. Nxe5 Nxe5 16. Qc2 O-O 17. a3 Be6 18. Nd1 Bf6 19. Ne3 Nd7 20. Rcd1 Qe7 21.
f4 gxf4 22. Rxf4 Bxb2 23. Qxb2 Qg5 24. Rdf1 Ne5 25. Nf5 Bxf5 26. Qxe5 Be6 27.
Qc7 Rad8 28. h4 Qg7 29. R4f2 Rd7 30. Qf4 Kh8 31. Rf3 Rg8 32. R1f2 Rd4 33. Rg3
1-0

[Event "Divison Honor - Titulo"]
[Site "?"]
[Date "2017.03.25"]
[Round "9.7"]
[White "Garcia Monterde, Francisco Jos"]
[Black "Lopez Gracia, Fernando"]
[Result "0-1"]
[WhiteElo "1912"]
[BlackElo "2302"]
[PlyCount "84"]
[EventDate "2017.02.25"]
[WhiteTeam "IberCaja"]
[BlackTeam "St. Casablanca D"]

1. c4 e5 2. g3 Nc6 3. Bg2 g6 4. Nc3 Bg7 5. d3 d6 6. e3 h5 7. h3 h4 8. g4 f5 9.
gxf5 Bxf5 10. e4 Be6 11. Nge2 g5 12. Be3 Nh6 13. Nd5 Nf7 14. Qd2 g4 15. f4 gxf3
16. Bxf3 Nd4 17. Bg2 Qd7 18. Ndf4 O-O-O 19. Nxe6 Qxe6 20. O-O-O Bh6 21. Bxh6
Qxh6 22. Nxd4 exd4 23. Rhf1 Ne5 24. Kc2 Qxd2+ 25. Rxd2 Rdf8 26. Rdf2 Rxf2+ 27.
Rxf2 Rg8 28. Bf1 Rg3 29. Rf4 Rf3 30. Rxf3 Nxf3 31. Kd1 Kd7 32. Be2 Ne5 33. Ke1
Ke7 34. Kf2 Kf6 35. Bf1 Kg5 36. Be2 Kf4 37. Bf1 Nd7 38. Be2 a5 39. b3 Nc5 40.
Bf1 a4 41. b4 Na6 42. a3 Nxb4 0-1

[Event "Divison Honor - Titulo"]
[Site "?"]
[Date "2017.03.25"]
[Round "9.9"]
[White "Gavin Roche, Enrique"]
[Black "Garza Marco, Sergio"]
[Result "0-1"]
[WhiteElo "2261"]
[BlackElo "2398"]
[PlyCount "210"]
[EventDate "2017.02.25"]
[WhiteTeam "ONCE C.A. Aragon"]
[BlackTeam "Helios"]

1. d4 Nf6 2. c4 b6 3. Nc3 Bb7 4. Nf3 g6 5. d5 Bg7 6. e4 O-O 7. Be2 d6 8. O-O
Nbd7 9. h3 c5 10. Bf4 Ne8 11. Qd2 a6 12. Rfe1 Nc7 13. a4 Bc8 14. Bf1 f6 15.
Rab1 Ne5 16. Be2 Rb8 17. b4 cxb4 18. Rxb4 a5 19. Rbb1 Nxf3+ 20. Bxf3 Na6 21.
Nb5 Bd7 22. Nd4 Qc8 23. Rbc1 Nc5 24. Bd1 Nxa4 25. Bxa4 Bxa4 26. Ne6 Rf7 27. c5
bxc5 28. Nxc5 dxc5 29. Bxb8 Qxb8 30. Qxa5 Bd7 31. Qxc5 Qd6 32. Qxd6 exd6 33.
Rc7 f5 34. exf5 Bxf5 35. Rxf7 Kxf7 36. f4 Bd4+ 37. Kh2 h5 38. Kg3 Bc3 39. Re2
Bb4 40. Kf3 h4 41. Rb2 Bc5 42. Rb8 Bc2 43. Rh8 Bd1+ 44. Ke4 Bc2+ 45. Kf3 Kg7
46. Re8 Bf5 47. Rb8 Bc2 48. Rc8 Bd1+ 49. Ke4 Kf7 50. Rh8 Bc2+ 51. Kf3 Bd4 52.
Rc8 Bf5 53. Rb8 Bf6 54. Rb7+ Be7 55. Rb8 Bf6 56. Rb7+ Ke8 57. Ke3 Kd8 58. Ra7
Kc8 59. Ra6 Kc7 60. Rc6+ Kd7 61. Ra6 Bd8 62. Ra7+ Bc7 63. Ra8 Bb6+ 64. Kf3 Bd4
65. Ra4 Bc5 66. Ra8 Bd4 67. Ra4 Bg1 68. Ra1 Bb6 69. Ra8 Bd8 70. Ra7+ Kc8 71.
Rh7 Bc2 72. Rf7 Ba5 73. Rh7 Be1 74. Rg7 Bd2 75. Rf7 Kd8 76. Rg7 Bc3 77. Rh7 Bf6
78. Ra7 Bf5 79. Ra6 Kc7 80. Rc6+ Kd7 81. Rb6 Ke7 82. Rb7+ Kf8 83. Rb6 Be7 84.
Rb8+ Kf7 85. Ra8 g5 86. Ra7 gxf4 87. Kxf4 Bd3 88. Rc7 Kf6 89. Rc3 Bf5 90. Re3
Bf8 91. Kf3 Bd7 92. Ke4 Bf5+ 93. Kf3 Bh6 94. Re8 Bd2 95. Re2 Bc3 96. Re3 Be5
97. Re2 Bd3 98. Re3 Bc4 99. Ke4 Kg6 100. Rf3 Ba2 101. Rf8 Bb1+ 102. Kf3 Kg5
103. Ke3 Bf6 104. Kf3 Kf5 105. Re8 Ba2 0-1

[Event "Divison Honor - Titulo"]
[Site "?"]
[Date "2017.03.25"]
[Round "9.10"]
[White "Guzman Moneo, Alberto"]
[Black "Laliena Solanes, Luis"]
[Result "1/2-1/2"]
[WhiteElo "2219"]
[BlackElo "2179"]
[PlyCount "72"]
[EventDate "2017.02.25"]
[WhiteTeam "Helios"]
[BlackTeam "ONCE C.A. Aragon"]

1. e4 c6 2. c4 d5 3. cxd5 cxd5 4. exd5 Nf6 5. Qa4+ Nbd7 6. Nc3 g6 7. Bc4 Bg7 8.
Nf3 O-O 9. d3 a6 10. Qa3 Re8 11. O-O Qc7 12. Re1 Nb6 13. Bb3 Bf5 14. Ne5 Qd6
15. Qa5 Nfd7 16. Nxd7 Nxd7 17. Ne4 Qb6 18. Qxb6 Nxb6 19. Be3 Nd7 20. Re2 Ne5
21. Bc2 Rad8 22. d6 Bxe4 23. dxe7 Rc8 24. dxe4 Nc4 25. Bg5 h6 26. Bh4 g5 27.
Bg3 Rxe7 28. Bb3 Nxb2 29. Rb1 b5 30. h4 Nd3 31. Bd5 Nf4 32. Bxf4 gxf4 33. a4
bxa4 34. Ra2 Bc3 35. Rb6 a5 36. Rxh6 Kg7 1/2-1/2

[Event "Divison Honor - Titulo"]
[Site "?"]
[Date "2017.03.25"]
[Round "9.11"]
[White "Cobo Garrido, Diego Israel"]
[Black "Cerrajeria Ruiz, Jesus Maria"]
[Result "1/2-1/2"]
[WhiteElo "2070"]
[BlackElo "2187"]
[PlyCount "59"]
[EventDate "2017.02.25"]
[WhiteTeam "ONCE C.A. Aragon"]
[BlackTeam "Helios"]

1. e4 g6 2. d4 Bg7 3. Nc3 a6 4. a4 d5 5. exd5 e6 6. Bc4 exd5 7. Bxd5 Ne7 8. Bf3
Nbc6 9. Nge2 Nxd4 10. Nxd4 Qxd4 11. O-O Qxd1 12. Rxd1 Bxc3 13. bxc3 f6 14. Ba3
Kf7 15. Bxb7 Bxb7 16. Rd7 Rhe8 17. Re1 Rac8 18. Rexe7+ Rxe7 19. Rxe7+ Kg8 20.
Bc5 Bc6 21. a5 Re8 22. f3 Rxe7 23. Bxe7 Ba4 24. Bxf6 Kf7 25. Bd8 c6 26. Kf2 Ke6
27. Ke3 Kd5 28. Kd2 Kc4 29. h4 c5 30. Bc7 1/2-1/2

[Event "Divison Honor - Titulo"]
[Site "?"]
[Date "2017.03.25"]
[Round "9.12"]
[White "Calvo Simon, Jorge"]
[Black "Fuertes Garay, Javier"]
[Result "1-0"]
[WhiteElo "2142"]
[BlackElo "2085"]
[PlyCount "105"]
[EventDate "2017.02.25"]
[WhiteTeam "Helios"]
[BlackTeam "ONCE C.A. Aragon"]

1. e4 e5 2. Nf3 Nc6 3. Bc4 Bc5 4. c3 Nf6 5. d3 a6 6. Bb3 d6 7. h3 h6 8. Nbd2
O-O 9. O-O Re8 10. Re1 Be6 11. Bc2 d5 12. Nxe5 Nxe5 13. d4 dxe4 14. Nxe4 Nxe4
15. Bxe4 Nd7 16. dxc5 Nxc5 17. Bc2 Qxd1 18. Rxd1 Bc4 19. Be3 Ne6 20. Be4 Rab8
21. b3 Bb5 22. c4 Bc6 23. Bxc6 bxc6 24. g4 Rbd8 25. Rxd8 Rxd8 26. Kf1 g5 27.
Ke2 Kg7 28. Rf1 Kg6 29. f4 gxf4 30. Bxf4 Rd4 31. Ke3 Rd7 32. Be5 c5 33. Rf6+
Kg5 34. Rf5+ Kg6 35. h4 Re7 36. Bf6 Rd7 37. h5+ Kh7 38. Rd5 Nf8 39. Ke4 Kg8 40.
Rxc5 Rd1 41. Rxc7 Re1+ 42. Kd3 Rd1+ 43. Ke2 Rg1 44. Rc8 Rxg4 45. Kf3 Rg1 46.
Be7 Rf1+ 47. Kg2 Ra1 48. Bxf8 Rxa2+ 49. Kg3 Kh7 50. Rc6 Rc2 51. Rxh6+ Kg8 52.
Bb4 Rb2 53. Bc3 1-0

[Event "Division Honor  - Grupo 7-10"]
[Site "?"]
[Date "2017.03.25"]
[Round "9.13"]
[White "Del Rey, Diego"]
[Black "Lana Rodriguez, David"]
[Result "1/2-1/2"]
[WhiteElo "2356"]
[BlackElo "2263"]
[PlyCount "34"]
[EventDate "2017.03.11"]
[WhiteTeam "El Olivar"]
[BlackTeam "Agrupacion"]

1. e4 e5 2. Nf3 Nf6 3. Nxe5 d6 4. Nf3 Nxe4 5. Nc3 Nxc3 6. dxc3 Be7 7. Bf4 Be6
8. Qd2 Qd7 9. O-O-O Nc6 10. Ng5 Bxg5 11. Bxg5 f6 12. Bf4 O-O-O 13. c4 Ne5 14.
b3 Rhe8 15. Be2 Qc6 16. f3 h6 17. Qa5 Qb6 1/2-1/2